The SAGE encyclopedia of intercultural competence (Registro nro. 309143)

Detalles MARC
000 -ENCABEZADO
Número de control [NR] 00932cam a2200265Mi 4500
001 - NÚMERO DE CONTROL
control field ocn911587533
005 - FECHA Y HORA DE LA ÚLTIMA TRANSACCIÓN
control field 20180305113117.0
008 - DE LONGITUD FIJA DE DATOS DE ELEMENTOS - INFORMACIÓN GENERAL
Elementos de longitud fija [NR] 180305s2015 xxua f e 001 0 eng d
020 ## - NUMERO INTERNACIONAL NORMALIZADO PARA LIBROS [R]
Número Internacional Normalizado del libro [NR] 9781452244280
020 ## - NUMERO INTERNACIONAL NORMALIZADO PARA LIBROS [R]
Número Internacional Normalizado del libro [NR] 1452244286
035 ## - NUMERO DE CONTROL DEL SISTEMA [R]
Número de control del sistema [NR] (OCoLC)911587533
040 ## - FUENTE DE CATALOGACION [NR]
Agencia de catalogación original [NR] Co-BoUCM
Idioma de catalogación [NR] spa
Quien Cataloga Saul Niño
Quien Clasifica Saul Niño
041 0# - CODIGO DE IDIOMA [R]
Código de idioma para texto/pista de sonido o título separado [R] Español
245 04 - MENCION DE TITULO [NR]
Título [NR] The SAGE encyclopedia of intercultural competence
Mención de responsabilidad, etc. [NR] edited by Janet M. Bennett
260 ## - PUBLICACION, DISTRIBUCION, ETC. (PIE DE IMPRENTA) [R]
Lugar de publicación, distribución, etc. [R] Los Angeles
-- London
Nombre del editor, distribuidor, etc. [R] SAGE
Fecha de publicación, distribución, etc. [R] 2015
300 ## - DESCRIPCION FISICA [R]
Extensión [R] 2 volúmenes
Otros detalles físicos [NR] ilustraciones, gráficas
490 0# - MENCION DE SERIE [R]
Mención de serie [R] SAGE reference
650 #7 - ASIENTO SECUNDARIO DE MATERIA - TERMINO TEMATICO [R]
Término temático o nombre geográfico como elemento de entrada [NR] Comunicación intercultural
9 (RLIN) 11372
Subdivisión de forma [R] Enciclopedias
650 #7 - ASIENTO SECUNDARIO DE MATERIA - TERMINO TEMATICO [R]
Término temático o nombre geográfico como elemento de entrada [NR] Multiculturalismo
9 (RLIN) 19952
Subdivisión de forma [R] Enciclopedias
650 #7 - ASIENTO SECUNDARIO DE MATERIA - TERMINO TEMATICO [R]
Término temático o nombre geográfico como elemento de entrada [NR] Desarrollo cultural
9 (RLIN) 12934
650 #7 - ASIENTO SECUNDARIO DE MATERIA - TERMINO TEMATICO [R]
Término temático o nombre geográfico como elemento de entrada [NR] Difusión de la cultura
9 (RLIN) 13264
Subdivisión de forma [R] Enciclopedias
700 1# - ASIENTO SECUNDARIO - NOMBRE PERSONAL [R]
Nombre personal [NR] Bennett, Janet M.
Término de relación [R] editor
9 (RLIN) 91664
942 ## - ELEMENTOS DE ENTRADA AGREGADOS (KOHA)
Sistema de clasificación DEWEY
Tema principal Sociología
Tipo de ítem principal el descrito en 300a Libro
Edición 1
Clasificación 305.8
Parte restante de la signatura top. I611c
Existencias
Fecha de último préstamo Total préstamos Total Renewals Signatura topográfica Código de barras Última vez visto Volúmen / Fascículo Ejemplar Costo de reposición Price effective from Tipo de ítem Perdido Sistema de clasificación Dañado No prestable Tipo de ítem específico Suprimido Ubicación habitual Ubicación actual Localización Fecha de creación Proveedor Forma de adquisición Costo
16/03/2018 1 3 305.8 I611c 100156626 09/12/2025 V.1 Ej.1 800504.00 28/02/2018 Libro   DEWEY     Libro   Claustro Claustro 2do piso 28/02/2018 19 Compra 800504.00
16/03/2018 1 3 305.8 I611c 100156627 09/12/2025 V.2 Ej.1 0.00 28/02/2018 Libro   DEWEY     Libro   Claustro Claustro 2do piso 28/02/2018 19 Compra 0.00